书目信息 |
| 题名: |
中国社会发展观
|
|
| 作者: | 贯天魁 | |
| 分册: | ||
| 出版信息: | 云南人民出版社 1997.12 |
|
| 页数: | 287页 | |
| 开本: | 32开 | |
| 丛书名: | ||
| 单 册: | ||
| 中图分类: | G113 | |
| 科图分类: | ||
| 主题词: | 文化事业--世界 | |
| 电子资源: | ||
| ISBN: | 7-222-02201-5 | |
| 000 | 00525nam0 2200193 45 | |
| 001 | 0308271047 | |
| 005 | 20030827105707.2 | |
| 010 | @a7-222-02201-5@dRMB14.80 | |
| 100 | @a20030827d1997 km y0chiy0120 ea | |
| 101 | @achi | |
| 105 | @a z 000yy | |
| 200 | 1 | @a中国社会发展观@Azhong guo she hui fa zhan guan@f贯天魁@Fguan tian kui |
| 210 | @c云南人民出版社@d1997.12 | |
| 215 | @a287页@c无图表@d32开 | |
| 606 | 0 | @a文化事业@x世界 |
| 690 | @aG113@v3 | |
| 701 | 0 | @a贯天魁 |
| 801 | @aCN@b@c20030827 | |
| 905 | @aBZT@dG113@e217 | |
| 中国社会发展观/贯天魁.-云南人民出版社,1997.12 |
| 287页:无图表;32开 |
| ISBN 7-222-02201-5:RMB14.80 |
| ● |
| 相关链接 |
|
|
|
正题名:中国社会发展观
索取号:G113/217
 
预约/预借
| 序号 | 登录号 | 条形码 | 馆藏地/架位号 | 状态 | 备注 |
| 1 | 86014 | 200740742 | 中心书库北库/ 北库033架B面1列5层35/ [索取号:G113/217] | 在馆 | |
| 2 | 86015 | 200740760 | 中心书库北库/ 北库033架B面1列5层39/ [索取号:G113/217] | 在馆 | |
| 3 | 86016 | 200740724 | 中心书库北库/ 北库033架B面1列5层40/ [索取号:G113/217] | 在馆 | |
| 4 | 86017 | 200740715 | 中心书库北库/ 北库033架B面1列5层41/ [索取号:G113/217] | 在馆 | |
| 5 | 86018 | 200740733 | 中心书库北库/ 北库033架B面1列5层42/ [索取号:G113/217] | 在馆 |